Bigger Neighbors Quiz Stats

 Plays Quiz not verified by Sporcle

Challenge
Share
Tweet
Embed
Score 0/20 Timer 04:00
0 Plays Today
% Correct
Cameroon and Gabon
83.8%
Yemen and Oman
83.8%
Belarus and Ukraine
83.8%
Malaysia and Indonesia
83.8%
Algeria and Libya
82.4%
Sudan and South Sudan
82.4%
Ireland and Iceland
81.1%
Angola and Namibia
79.7%
Kazakhstan and Kyrgyzstan
79.7%
Romania and Bulgaria
78.4%
% Correct
Chad and Central African Republic
78.4%
Mali and Mauritania
77%
Nepal and Bhutan
77%
St Lucia and St Kitts and Nevis
71.6%
Tonga and Tuvalu
67.6%
Azerbaijan and Armenia
67.6%
Laos and Cambodia
62.2%
Seychelles and Mauritius
62.2%
Slovakia and Slovenia
62.2%
Guatemala and Nicaragua
56.8%

You're not logged in!

Compare scores with friends on all Sporcle quizzes.
Join for Free
OR
Log In

You Might Also Like...

Show Comments

Extras

Top Quizzes Today


Score Distribution

Your Account Isn't Verified!

In order to create a playlist on Sporcle, you need to verify the email address you used during registration. Go to your Sporcle Settings to finish the process.

Report this User

Report this user for behavior that violates our Community Guidelines.

Details: